COMO LOGRAR EL DEFECTO CERO EN LA MERCADOTECNIA. (Registro nro. 37224)
[ vista simple ]
| 000 -LEADER | |
|---|---|
| fixed length control field | 00566nam a2200217 a 4500 |
| 001 - CONTROL NUMBER | |
| control field | 37224 |
| 003 - CONTROL NUMBER IDENTIFIER | |
| control field | Mx-PuUPA |
| 005 - DATE AND TIME OF LATEST TRANSACTION | |
| control field | 20231121162700.0 |
| 008 - FIXED-LENGTH DATA ELEMENTS--GENERAL INFORMATION | |
| fixed length control field | 140415s1995 000 0 spa d |
| 020 ## - INTERNATIONAL STANDARD BOOK NUMBER | |
| International Standard Book Number | 968261273X |
| 040 ## - CATALOGING SOURCE | |
| Transcribing agency | Mx-PuUPA |
| 041 ## - LANGUAGE CODE | |
| Language code of text/sound track or separate title | spa |
| 082 ## - DEWEY DECIMAL CLASSIFICATION NUMBER | |
| Classification number | 658.802 |
| Item number | MAG |
| 100 1# - MAIN ENTRY--PERSONAL NAME | |
| Personal name | MAGRATH, ALLAN J. |
| 245 10 - TITLE STATEMENT | |
| Title | COMO LOGRAR EL DEFECTO CERO EN LA MERCADOTECNIA. |
| 260 ## - PUBLICATION, DISTRIBUTION, ETC. | |
| Place of publication, distribution, etc. | [s.l.] : |
| Name of publisher, distributor, etc. | COMPAÑIA EDITORIAL CONTINENTAL, |
| Date of publication, distribution, etc. | 1995. |
| 300 ## - PHYSICAL DESCRIPTION | |
| Extent | 203. |
| 650 14 - SUBJECT ADDED ENTRY--TOPICAL TERM | |
| Topical term or geographic name entry element | MERCADOTECNIA |
| General subdivision | VENTAS |
| 700 1# - ADDED ENTRY--PERSONAL NAME | |
| Personal name | HASS G., ROBERTO A. |
| Relator term | tr. |
| 942 ## - ADDED ENTRY ELEMENTS (KOHA) | |
| Source of classification or shelving scheme | Dewey Decimal Classification |
| Koha item type | Libro |
| Withdrawn status | Lost status | Source of classification or shelving scheme | Damaged status | Not for loan | Collection code | Home library | Current library | Shelving location | Date acquired | Source of acquisition | Inventory number | Total Checkouts | Total Renewals | Full call number | Barcode | Date last seen | Date last checked out | Price effective from | Koha item type |
|---|---|---|---|---|---|---|---|---|---|---|---|---|---|---|---|---|---|---|---|
| Dewey Decimal Classification | General | Biblioteca Karol Wojtyla | Biblioteca Karol Wojtyla | Sala general | 03/12/2013 | Compra | 151000000000000000029563 | 1 | 1 | 658.802 MAG | 72892 | 05/01/2026 | 19/08/2022 | 03/12/2013 | Libro | ||||
| Extraviado | Dewey Decimal Classification | Biblioteca Karol Wojtyla | Biblioteca Karol Wojtyla | 03/12/2013 | Compra | 658.802 MAG | 56009 | 03/12/2013 | Libro |